| 000 | 02879nam1a2200361 i 4500 | ||
|---|---|---|---|
| 001 | RU\NLR\BIBL_A\012030166 | ||
| 005 | 20260408092533.0 | ||
| 010 | _a9785209093572 | ||
| 035 | _a(NLR Aleph) 012030166 | ||
| 090 |
_a11547283 _c11547283 |
||
| 100 | _a20190604g20199999km y0rusy50 ca | ||
| 101 | 0 | _arus | |
| 102 | _aRU | ||
| 105 | _a||||z|||||||| | ||
| 200 | 1 |
_aРоль физиологии и биохимии в интродукции и селекции сельскохозяйственных растений _eсборник материалов V Международной научно-методологической конференции, Москва, 15-19 апреля 2019 г. _eв двух томах _fМинистерство науки и высшего образования РФ, Российская академия наук, ...Национальный ботанический сад имени Н. Н. Гришко Национальной академии наук Украины, ...Республиканское научное дочернее унитарное предприятие "Институт защиты растений" [и другие _gредакционная коллегия: М.С. Гинс и другие] |
|
| 210 |
_aМосква _cРоссийский университет дружбы народов _d2019 |
||
| 215 | _d21 | ||
| 606 | 1 |
_aСельскохозяйственные растения _jСъезды, совещания и т.п _xИнтродукция _xФизиолого-биохимические основы _92630717 _3RU\NLR\AUTH\661567277 |
|
| 606 | 1 |
_aСельскохозяйственные растения _jСъезды, совещания и т.п _xСелекция _xФизиолого-биохимические основы _92630720 _3RU\NLR\AUTH\661567280 |
|
| 686 | 1 | _aП139я431(0) | |
| 686 | 1 | _aП127я431(0) | |
| 686 | 1 | _aП131я431(0) | |
| 702 | 1 |
_aГинс _bМ. С. _gМурат Сабирович _4340 |
|
| 711 | 1 | 2 |
_a"Роль физиологии и биохимии в интродукции и селекции сельскохозяйственных растений", международная научно-методологическая конференция _d5 _eМосква _f2019 _9665760 _3RU\NLR\AUTH\880502991 |
| 712 | 0 | 2 |
_4570 _aРоссийская академия наук _3RU\NLR\AUTH\881057 _9272489 |
| 712 | 0 | 2 |
_4570 _aНациональный ботанический сад им. Н. Н. Гришко _cКиев _3RU\NLR\AUTH\8810232144 _9349352 |
| 712 | 0 | 2 |
_4570 _aИнститут защиты растений _cМинск _9580674 _3RU\NLR\AUTH\880458875 |
| 852 |
_aNLR _j2019-3/15143 |
||
| 942 | _cBOOK | ||
| 980 | _aNBR | ||